000 00785nam a2200229Ii 4500
003 JO-AjNU
008 230605s9999||||xx |||||||||||||| ||und||
017 _a2009/6/2641
020 _a978-9957-32-457-5
040 _aJO-AjNU
_bara
_erda
_cJO-AjNU
041 _aara
050 1 4 _aT58.6.N343 2007
100 3 _aالنجار ، فايز جمعة ,
_eauthor
_929632
245 0 0 _aالمرجع الشامل في نظم المعلومات الادارية=management information systems Perspictive MIS
250 _aط3
264 3 1 _aعمان:دار الحامدللنشر،2007
300 _a404ص
336 _atext
_btxt
_2rdacontent
337 _aunmediated
_bn
_2rdamedia
338 _avolume
_bnc
_2rdacarrier
650 4 _aنظم المعلومات الادارية
_929633
999 _aA11648
_c15216
_d15216